शब्दजा: (Record no. 212740)

MARC details
000 -LEADER
fixed length control field 00855nam a22002057a 4500
005 - DATE AND TIME OF LATEST TRANSACTION
control field 20250731111738.0
010 ## - LCCN (DPL NO)
LC control number HIN-130080
020 ## - INTERNATIONAL STANDARD BOOK NUMBER
International Standard Book Number 9788194197751
Terms of availability 550.00
035 ## - SYSTEM CONTROL NUMBER
System control number HN-102426
037 ## - SOURCE OF ACQUISITION
Source of stock number/acquisition DBAD
082 ## - DEWEY DECIMAL CLASSIFICATION NUMBER
Classification number 808.88
100 ## - MAIN ENTRY--PERSONAL NAME
Personal name शिवदत्त
245 ## - TITLE STATEMENT
Title शब्दजा:
Statement of responsibility, etc शिवदत्त
Remainder of title एक बावरे पाठक का सफ़रनामा/
250 ## - EDITION STATEMENT
Edition statement प्रथम
260 ## - PUBLICATION, DISTRIBUTION, ETC. (IMPRINT)
Place of publication, distribution, etc बीकानेर
Name of publisher, distributor, etc वत्सल प्रकाशन
Date of publication, distribution, etc 2023
270 ## - ADDRESS
City बीकानेर
Address सांखला प्रिंटर्स, विनायक शिखर, शिवबाड़ी रोड, बीकानेर
Postal code 334003
300 ## - PHYSICAL DESCRIPTION
Extent 488 पृ.
Dimensions 21.6 से.मी.(अजिल्द)
700 ## - ADDED ENTRY--PERSONAL NAME
9 (RLIN) 83516
942 ## - ADDED ENTRY ELEMENTS (KOHA)
Source of classification or shelving scheme Dewey Decimal Classification
Item type Hindi Books
Classification part 808.88
Call number suffix शिवद
Holdings
Withdrawn status Lost status Not for loan Collection code Home library Current library Date acquired Source of acquisition Cost, normal purchase price Full call number Barcode Copy number Cost, replacement price Koha item type
      Non-fiction Sarojini Nagar Sarojini Nagar 31/07/2025 DBAD 550.00 808.88 शिवद HN-102426 1 550.00 Hindi Books

© Delhi Public Library
Hit Counter
free hit counter